000 00893cam a22002174a 4500
020 _a0789012529 (soft : alk. paper)
050 0 0 _aRC 451.4
_b.G39T47
245 0 4 _aThe therapist's notebook for lesbian, gay, and bisexual clients :
_bhomework, handouts, and activities for use in psychotherapy /
_cJoy S. Whitman, Cynthia J. Boyd, editors.
260 _aNew York :
_bHaworth Clinical Practice Press,
_cc2003.
300 _axxiii, 309 p. :
650 0 _xMental health
_vHandbooks, manuals, etc.
650 0 _xMental health
_vHandbooks, manuals, etc.
650 0 _xMental health
_vHandbooks, manuals, etc.
650 0 _vHandbooks, manuals, etc.
650 0 _vHandbooks, manuals, etc.
650 0 _xPsychological aspects
_vHandbooks, manuals, etc.
700 1 _aWhitman, Joy S.
700 1 _aBoyd, Cynthia J.
856 4 2 _uhttp://www.e-streams.com/es0610/es0610_2819.html
942 _2lcc
_cGEN
999 _c7061
_d7061